000
00279nam a22000977a 4500
999
_c
11353
_d
11353
008
190313b ||||| |||| 00| 0 eng d
020
_a
9781841260013
100
_a
Bos
_9
7094
245
_a
Walking : fitness & health through everyday activity
260
_a
UK
_b
Meyer & Meyer Sport
_c
1999